000 00331nam a2200133Ia 4500
005 20251222175940.0
008 251222s9999||||xx |||||||||||||| ||spa||
020 _a978-612-4038-14-3
082 _a344.01/G23
100 _aGarcía Manrique, Álvaro
245 0 _aTrámites Laborales:
264 _bGaceta Jurídica
942 _cLIB
999 _c41352
_d41352